| 000 | 01219nam0a22003011 4500 | ||
|---|---|---|---|
| 001 | rc\4323834 | ||
| 005 | 20130416132308.0 | ||
| 021 |
_aRU _b[60-34794] |
||
| 035 | _a(NLR Aleph) 008513866 | ||
| 090 |
_a8185929 _c8185929 |
||
| 100 | _a20130416d1960 |||y0rusy50 ca | ||
| 101 | 0 | _arus | |
| 102 | _aRU | ||
| 105 | _ac z ||||| | ||
| 200 | 1 |
_aКукурузовод Илья Косюк _e(Опыт работы кукурузоводческого звена колхоза им. Чапаева, Тогучин. района) |
|
| 210 |
_aНовосибирск _cКн. изд-во _d1960 |
||
| 215 |
_a38 с. _cпортр. _d14 |
||
| 225 | 1 | _aБиблиотечка полевода | |
| 300 | _aНа обл. авт. не указан | ||
| 606 |
_aКукурузоводческие бригады и звенья _yНовосибирская область _2psbo |
||
| 606 |
_aКукуруза _xВозделывание _yНовосибирская область _2psbo |
||
| 700 | 1 |
_aГречушкин _bН. Т. _gНиколай Трофимович |
|
| 702 | 1 |
_aКосюк _bИ. _gИлья _4570 |
|
| 801 | 0 |
_aRU _bNLR _gpsbo |
|
| 801 | 1 |
_aRU _bELAR _2rusmarc |
|
| 852 |
_aNLR _j60-1/573 |
||
| 942 | _cBOOK | ||
| 980 | _aNB | ||